| 000 | 00638cab a2200217 4500 | ||
|---|---|---|---|
| 001 | X2813 | ||
| 008 | 090401t1995 xxu||||| |||| 00| 0 eng d | ||
| 035 | _a(Sirsi) u26500 | ||
| 041 | _aeng | ||
| 245 | _aRICS attacks MAFF plan for field boundaries | ||
| 260 | _c1995 | ||
| 350 | _a0 | ||
| 490 |
_aCSM (Chartered Surveyor Monthly) _v5(1) September 1995, 10; 5(2) October 1995, 8(2) |
||
| 520 | _aPlans by MAFF to identify farmland for IACS have been critcised by the RICS. | ||
| 650 |
_aBoundary disputes _96221 |
||
| 650 | _aFARMLAND | ||
| 650 | _aIACS RETURNS | ||
| 690 | _aRURAL PRACTICE | ||
| 942 | _n0 | ||
| 948 | _c04/03/1997 | ||
| 999 |
_c17812 _d17812 |
||